01586 a2200181 4500001000500000005001700005008004100022003001500063040004000078080003500118245014200153020001800295250001200313264004100325300001900366505098900385100003001374322120260407155426.0260407a1988 arg spa dAR-UNSa-BCEJYS aAR-UNSa-BCEJYSbspacAR-UNSa-BCEJYS a347.72xSociedades comerciales10aDerecho de las sociedades comercialespComentario al texto ordenado de la Ley 19.550, reformada por la Ley 22.903, según decreto 841/84 a950-20-0488-4 a3a. ed. 1aBuenos Aires :bAbeledo Perrotc1988 a681 p.c22 cm. a1. La sociedad comercial - 2. La naturaleza jurídica de la sociedad comercial - 3. La personalidad jurídica de las sociedades comerciales - 4. Concepto y elementos de la sociedad comercial - 5. Constitución de la sociedad - 6. De los socios - 7. De la administración y representación de la sociedad - 8. De la documentación y la contabilidad - 9. Transformación, fusión y escisión - 10. Resolución parcial, disolución y liquidación - 11. Sociedades extranjeras - 12. De las sociedades en particular. Sociedades personales - 13. La sociedad de responsabilidad limitada - 14. La sociedad anónima - 15. La sociedad anónima: (continuación) - 16. La sociedad anónima: (continuación) - 17. De los accionistas: derechos y obligaciones - 18. De las obligaciones o debentures - 19. De las sociedades en comandita por acciones - 20. Las agrupaciones entre sociedades y empresas - 21. Nominatividad de las acciones - 22. Cooperativas - 23. Entidades financieras1 aVillegas, Carlos Gilberto